000 01387cam a2200325 i 4500
001 707322
003 EG-ScBUE
005 20250723084008.0
008 970306s1997 enka f b 001 0 eng d
020 _a0198558112 (hbk)
020 _a9780198558118
040 _aEG-ScBUE
_beng
_erda
_cEG-ScBUE
_dEG-ScBUE
082 0 4 _a541.3
_222
_bHIG
245 0 0 _aHigh-pressure techniques in chemistry and physics :
_ba practical approach /
_cedited by Wilfried B. Holzapfel, Department of Physics, University of Paderborn, Germany, and Neil S. Isaacs, Department of Chemistry, University of Reading, UK.
264 1 _aOxford :
_bOxford University Press,
_c1997.
300 _avii, 388 pages :
_billustrations ;
_c24 cm.
336 _2rdacontent
_atext
_btxt
337 _aunmediated
_2rdamedia
_bn
338 _avolume
_bnc
_2rdacarrier
490 0 _aThe practical approach in chemistry series
504 _aIncludes bibliographical references and index.
650 7 _aHigh pressure chemistry.
_2BUEsh
650 7 _aHigh pressure (Science)
_2BUEsh
655 _vReading book
700 1 _aHolzapfel, Wilfried B.,
_eeditor.
700 1 _aIsaacs, Neil S.,
_d1934-
_eeditor.
856 4 2 _3Publisher description
_uhttp://www.loc.gov/catdir/enhancements/fy0605/97006798-d.html
856 4 1 _3Table of contents only
_uhttp://www.loc.gov/catdir/enhancements/fy0605/97006798-t.html
942 _2ddc
_cBB
999 _c10544
_d10544